Anagrammes de pays du monde en 8 lettres - Statistiques

Statistiques générales
  • Ce quiz a été pris 521 fois
  • Le résultat moyen est 24 sur 30
Statistiques - réponses
Anagramme Pays % Correct
JANORDIE Jordanie
98%
BAZIMBWE Zimbabwe
98%
MASIALIE Malaisie
95%
RETHYREE Érythrée
94%
GLIBEQUE Belgique
93%
TILAUNIE Lituanie
93%
QUAJAIME Jamaique
92%
GEMBOCAD Cambodge
89%
YAPAGURA Paraguay
89%
CREMOUNA Cameroun
88%
DEMOLIVA Moldavie
87%
MOURAINE Roumanie
87%
LARVADOS Salvador
85%
EMBOLICO Colombie
84%
RECHUTAI Autriche
80%
OIPEHITE Ethiopie
80%
ETOILENT Lettonie
79%
ZANEANTI Tanzanie
79%
WABATSON Botswana
77%
VILDAMES Maldives
77%
MELOGINO Mongolie
74%
SALIKRAN Sri Lanka
73%
UMBERDES Bermudes
70%
SHAUDRON Honduras
69%
SPIANTAK Pakistan
69%
ENVOILES Slovenie
67%
MANIEURS Suriname
66%
PLOUGART Portugal
63%
AUTREQUE Equateur
62%
LABRIGUE Bulgarie
56%
Aucun quiz correspondant
Distribution des résultats
% des personnes avec chaque résultat
Percentile par nombre de réponses
Votre historique - résultats
Vous n’avez pas pris ce quiz